| 000 | 00682nam a2200229Ia 4500 | ||
|---|---|---|---|
| 003 | Ost | ||
| 005 | 20260507075156.0 | ||
| 008 | 260507s9999||||xx |||||||||||||| ||und|| | ||
| 020 | _a2083410977 | ||
| 040 | _cfsecg | ||
| 041 | _aara | ||
| 082 | _a330 | ||
| 100 |
_aغنيم، احمد محمد _eمؤلف |
||
| 245 | 0 |
_aالتسويق والتجارة الالكترونية / _c احمد محمد غنيم |
|
| 260 |
_aالقاهرة: _bالمكتبة العصرية, _c2008 |
||
| 300 | _a405 صفحة؛ | ||
| 653 | _aتجارة الكترونية | ||
| 653 | _aتسويق | ||
| 653 | _aنظم التامين | ||
| 653 | _aوسائل التسويق | ||
| 942 | _cكتاب | ||
| 999 |
_c43371 _d43371 |
||